000 00655nam a22001815i 4500
001 167949
003 ES-MaACL
005 20230906213632.0
008 051003s1885 au | |||||||| ||ger d
040 _aCAM
_bspa
_cCAM
100 1 _aWinternitz, Wilhelm.
_9133945
245 1 0 _aUeber Heilfieber und Fieberheilung /
_cvon W. Winternitz.
260 _aWien :
_bL. Bergmann & Comp.,
_c1885.
300 _a21 p. ;
_c26 cm.
500 _aSeparat-Abdruck aus Nr. 11, 12, 13, 14 (1885) der "Wiener Mediz. Blätter" ...
650 4 _aFiebre.
_9136106
852 _aES-MaACL
_jT-1352-F-2
_z-- Enc. hol. conservando la cub. original
_z-- Enc. en un vol. facticio
999 _c167949
_d167949